00764 a2200229 4500020001500000020001800015082001200033090001500045100001900060245013100079250001200210260003100222300002100253490003100274700002200305700002200327700001700349830003100366942002600397999001700423952009400440 a3540333894 a978354033389004a530.474 c1379d13791 aPapon, Pierre.14aThe physics of phase transitions :bconcepts and applications /cPierre Papon, Jacques Leblond, Paul H.E. Meijer, S.L. Schnur. a2nd ed. a[S.l.] :bSpringer,c2006. a427 p. ;c24 cm.1 aAdvanced texts in physics.1 aLeblond, Jacques.1 aMeijer, Paul H.E.1 aSchnur, S.L. 0aAdvanced texts in physics. aSNScBKk530.474 PAP c29991d29991 00104070aSNSbSNSd2016-05-26l0o530.474 PAPpSNS0000521r2016-05-26w2016-05-26yBK